6254 - Statistics

General Stats
  • This quiz has been taken 5 times
  • The average score is 19 of 25
Answer Stats
Question Answer % Correct
Country with a higher gun violence rate than the U.S. Brazil
100%
Longer coastline than Russia Canada, Indonesia, Norway
100%
Country that speaks french but is not France Democratic Republic of Congo, Belgium, Ivory Coast, Canada, Luxembourg
100%
Other country (besides US) that celebrates Thanksgiving France, Canada, Brazil, Germany, Philippines, Netherlands
100%
Nick Rodino's hometown Italy
100%
Jack Stich's hometown Japan, China (Hong Kong), Taiwan
100%
Country with the area of the highest population density Macau (China)
100%
Second smallest country Monaco
100%
Name any of the top 4 countries with the highest slavery rate North Korea, India, Eritrea, Mauritania
100%
Country whose most common name is Alexander Russia
100%
Countries Bigger than USA Russia, China, Canada
100%
Countries that banned Christmas Saudi Arabia, North Korea, Brunei, Afghanistan
100%
Men are known for wearing quilts United Kingdom, Ireland
100%
Countries wider than Pluto's (planet) diameter U.S.A, China, Canada, Australia
100%
Official language is Portuguese and is not Brazil or Portugal Angola, Cape Verde, East Timor, Guinea Bissau, Mozambique, Sao Tome and Principe
50%
Worst place to get a haircut Barbershop
50%
Extremely close second for most brain rot in the group Catcher
50%
Country with the lowet population density Greenland (Denmark)
50%
Mediterranean island nation Malta, Cyprus
50%
Most clapped haircuts Parker
50%
Whose has the megacity of Lima? Peru
50%
Worst Chromebook Game (hint: Catcher) Trump Wheelie, Rock Climbing Dots
50%
#1 ranked brainrot group member Tyler
50%
Least populated country in the world Vatican City
50%
Country (2024) with the highest population growth rate (hint: Asia) Syria
0%
No matching quizzes found
Score Distribution
Percent of People with Each Score
Percentile by Number Answered
Your Score History
You have not taken this quiz